| 000 | 00718nam a22001937a 4500 | ||
|---|---|---|---|
| 999 |
_c13301 _d13301 |
||
| 003 | AR-CdUCM | ||
| 008 | 190411b ||||| |||| 00| 0 spa d | ||
| 040 |
_aMUNICIPALIDAD PROVINCIAL DEL CUSCO _cBIBLIOTECA MUNICIPAL DEL CUSCO |
||
| 082 |
_a379 / _bAT875 / 1944 |
||
| 100 |
_aAtkinson, W. W. _931647 |
||
| 245 |
_aEl arte de la Memoria : _bEl valor y la ciencia de recordar / |
||
| 260 |
_aLa Plata : _bCalomino, _c1944. |
||
| 300 |
_a173 páginas ; _c18 cm. |
||
| 500 | _aDonación de la familia Nieto. libro en mal estado | ||
| 505 | _aContenido: La mnemotecnia -- La mnemotecnia doméstica -- Alfabeto numérico mnemotécnico ... | ||
| 650 |
_aEducacion _9460 |
||
| 942 |
_2ddc _cLIBROS |
||
| 945 |
_acmm _d2019-04-11 |
||